Euskadi 3: Geografía de Álava - Estadísticas

Estadísticas generales
  • Esta prueba ha sido intentada 25 veces
  • La puntuación promedio es 9 de 20
Estadísticas de respuestas
Pregunta Respuesta % Correcto
¿Cuál de los siguientes municipios limita con la provincia de Burgos? Lantarón
78%
¿Por qué municipio se extiende los terrenos del aeropuerto de Foronda? Vitoria-Gasteiz
78%
¿Cuál de los siguientes municipios NO está situado en la comarca de Ayala? Zuia
72%
¿Cuál de los siguientes municipios NO limita con Navaridas? Oyón
67%
¿Cuáles de los siguientes municipios limitan entre sí? Elvillar y Lanciego
61%
¿En qué municipio está situado el monte más alto de Álava? Zuia
61%
¿De qué municipios está formado el enclave del Condado de Treviño? Treviño y La Puebla de Arganzón
56%
¿Cuál es el municipio que está más al este de Álava? Asparrena
50%
¿Qué municipio de los siguientes cuenta con un hospital? Leza
50%
¿En qué municipio está situado el monte Toloño? Peñacerrada
50%
¿Cuál de los siguientes municipios NO limita con Zigoitia? Cuartango
44%
¿Por qué municipios de Álava fluye el río Zadorra, aguas abajo de Vitoria-Gasteiz? Iruña de Oca, Ribera Baja, Armiñón, Berantevilla y Zambrana
44%
¿Cuál es el segundo municipio más extenso de Álava? Valdegovía/Gaubea
44%
¿Cuál de los siguientes conjuntos de municipios es el que limita con Arraia-Maeztu? Bernedo, Campezo, Valle de Arana, Iruraiz-Gauna, San Millán y Alegría-Dulantzi
33%
¿Qué municipio de los siguientes NO cuenta con un parque de bomberos? Labastida
33%
¿Cuál es el municipio que está más al norte de Álava? Okondo
33%
¿Por qué municipio se pasa para ir del Ayuntamiento de Ribera Alta al Ayuntamiento de Añana en coche? Ninguno
28%
¿En qué municipio NO tiene parte de sus aguas situadas el embalse de Uribarri Ganboa? Legutio
17%
¿En qué municipio desemboca el río Altube en el río Nervión? Llodio
17%
¿Cuál es el municipio con menor población de Álava? (Datos de 2022) Añana
11%
No se encontraron pruebas coincidentes
Distribución de puntuación
Porcentaje de gente con cada puntuación
Porcentaje por número respondido
Historial de tus puntuaciones
No has intentado esta prueba.